000 00994nam a2200265 a 4500
001 53138
003 AR-BaAGN
005 20241226152315.0
007 ta
008 s1995 ag ||||| |||| ||| ||spa d
040 _aAR-BaAGN
_bspa
_eaacr
110 2 _aAcademia Argentina de Letras
_98470
245 1 0 _aHomenaje a Celina Sabor de Cortázar :
_b1913-1985.
260 _aBuenos Aires :
_bAcademia Argentina de Letras,
_c1995.
300 _a39 páginas ;
_c22 cm.
336 _2rdacontent
_btxt
337 _2rdamedia
_bn
338 _2rdacarrier
_bnc
490 _aBiblioteca de la Academia Argentina de Letras. Serie Homenajes ;
_v14
500 _aTributo diferente / Raúl H. Castagnino -- Una vocación por la literatura de España / Ángel J. Battistessa -- Lenguaje y significación / Ofelia Kovacci -- Los estudios cervantinos / Federico Peltzer.
600 1 4 _aSabor de Cortazar, Celina,
_d1913-1985
_98852
650 4 _aHOMENAJE
_91745
650 4 _aLITERATURA
_91464
942 _cLIBRO
999 _c53138
_d53138